Elementary Arabic : second reading book /

Saved in:

Main Author: Nicholson, Reynold Alleyne, 1868-1945.

Other Authors: Thornton, Frederic Du Pre.

Format: Book

Language: Arabic

Published: Cambridge : CUP, 1946.

Edition: 3rd ed.

Series: Thornton's Arabic series ; v. 3.

Subjects:

Tags: Add Tag

No Tags, Be the first to tag this record!

Call Number: PJ6311 .N5 1946

LEADER 00838cam a2200265Ma 4500
001 ocn230491350
003 OCoLC
005 20240222020653.0
008 950622s1946 enk 000 0 ara d
041 0 |a ara  |b eng 
050 4 |a PJ6311  |b .N5 1946 
100 1 |a Nicholson, Reynold Alleyne,  |d 1868-1945. 
245 1 0 |a Elementary Arabic :  |b second reading book /  |c by Reynold A. Nicholson. 
250 |a 3rd ed. 
264 1 |a Cambridge :  |b CUP,  |c 1946. 
300 |a x, 210 pages. 
336 |a text  |b txt  |2 rdacontent 
337 |a unmediated  |b n  |2 rdamedia 
338 |a volume  |b nc  |2 rdacarrier 
490 1 |a Thornton's Arabic series ;  |v v. 3 
546 |a Arabic text with English preface and glossary. 
650 0 |a Arabic language  |v Readers. 
700 1 |a Thornton, Frederic Du Pre. 
830 0 |a Thornton's Arabic series ;  |v v. 3. 
999 |c 57043  |d 57043